000 01808 a2200241 4500
001 59434
005 20260407155848.0
008 260407a2000 arg spa d
003 AR-UNSa-BCEJYS
040 _aAR-UNSa-BCEJYS
_bspa
_cAR-UNSa-BCEJYS
080 _a330(82)
_xEconomia Argentina
245 1 0 _aLa Argentina de los noventa
_pDesempeño económico en un contexto de reformas
020 _a950-23-1136-1
264 1 _aBuenos Aires :
_bEUDEBA (Editorial Universitaria de Buenos Aires)
_c2000
300 _a2 v. (521 ; 482 p.)
_c23 cm.
505 _aVol. I: 1. Introducción: comentarios generales sobre el comportamiento de la economía y temas abiertos al finalizar los noventa - 2. Políticas de reforma y comportamiento macroeconómico – 3. El proceso de inversiones en la economía argentina. Impacto de las reformas de política y procesos de decisión ante un cambio de incertidumbres – 4. Algunos determinantes de la inversión en sectores de infraestructura en la Argentina – 5. El mercado de trabajo bajo el nuevo régimen económico en Argentina – 6. Distribución del ingreso en Argentina – Vol. II: 7. Determinantes de la inversión en telecomunicaciones en Argentina – 8. Regulación de las inversiones en el sector eléctrico argentino – 9. Inversiones en infraestructura vial: la experiencia argentina – 10. Determinantes de la inversión en el sector petróleo y gas en la Argentina – 11. Las reformas estructurales y el sector minero en Argentina – 12. Las inversiones en la industria argentina en la década de los noventa
041 _aspa
942 _cBK
590 _aniveau_biblio:m niveau_hierar:0
100 1 _aHeymann, Daniel
700 1 _aKosacoff, Bernardo
700 1 _aNaciones Unidas. Comisión Económica para América Latina y el Caribe (CEPAL)
999 _c6688
_d6688